El infierno de las sombras / (Record no. 144809)

MARC details
000 -LEADER
campo de control de longitud fija 00567nam a2200169 4500
001 - NÚMERO DE CONTROL
campo de control 144809
003 - IDENTIFICADOR DE NÚMERO DE CONTROL
campo de control ES-MaACL
005 - FECHA Y HORA DE LA ÚLTIMA TRANSACCIÓN
campo de control 20230906201113.0
007 - CAMPO FIJO DE DESCRIPCIÓN FÍSICA--INFORMACIÓN GENERAL
campo de control de longitud fija t|
008 - DATOS DE LONGITUD FIJA--INFORMACIÓN GENERAL
campo de control de longitud fija 070214s1959 sp r ||||1| spa d
100 1# - ENTRADA PRINCIPAL--NOMBRE DE PERSONA
Nombre de persona Slaughter, Frank G.
9 (RLIN) 106773
245 13 - MENCIÓN DEL TÍTULO
Título El infierno de las sombras /
Mención de responsabilidad, etc. Frank G. Slaughter ; [versión española de Mª Luisa Martínez Alinari].
260 ## - PUBLICACIÓN, DISTRIBUCIÓN, ETC.
Lugar de publicación, distribución, etc. Barcelona :
Nombre del editor, distribuidor, etc. Caralt,
Fecha de publicación, distribución, etc. 1959 (
Lugar de fabricación/manufactura Andorra :
Fabricante Casal i Vall)
300 ## - DESCRIPCIÓN FÍSICA
Extensión 349 p. ;
Dimensiones 20 cm.
700 1# - ENTRADA AGREGADA--NOMBRE PERSONAL
Nombre de persona Martínez Alinari, María Luisa.
9 (RLIN) 77839
852 ## - LOCALIZACIÓN
Ubicación ES-MaACL
Número de control de estantería C-17131
Sublocalización o colección R.45530
Holdings
Estatus retirado Estado de pérdida Estado de daño No para préstamo Biblioteca de origen Biblioteca actual Ubicación en estantería Fecha de adquisición Fuente de adquisición Total de préstamos Signatura topográfica completa Código de barras Visto por última vez Precio de reemplazo Tipo de ítem Koha
        Biblioteca del Ateneo de Madrid Biblioteca del Ateneo de Madrid Galería 17/01/2008     C-17131 1151046 23/02/2023 23/02/2023 Libro impreso